| 000 | 00376nam a22001577a 4500 | ||
|---|---|---|---|
| 999 |
_c532481 _d532481 |
||
| 003 | NUST | ||
| 005 | 20191121135205.0 | ||
| 008 | 191121b ||||| |||| 00| 0 eng d | ||
| 038 | _aMSOHAIL | ||
| 082 | _a0 | ||
| 100 |
_aR.K.Trivedy _926028 |
||
| 245 | _aRecent Advances in Water Pollution | ||
| 260 |
_aIndia _bBook Enclavee _cc2005 |
||
| 300 | _ap;303 | ||
| 942 |
_2ddc _cBK |
||